[Event "ITA-ch U20"]
[Site "Tarvisio"]
[Date "2023.07.06"]
[Round "5"]
[White "Andreev, Konstantin1111"]
[Black "Gervasi, Pietro"]
[Result "1-0"]
[WhiteElo "2203"]
[BlackElo "1807"]
[PlyCount "91"]
[EventDate "2023.07.02"]
[EventType "swiss"]
[EventRounds "9"]
[EventCountry "ITA"]
[SourceTitle "EXT 2024"]
[Source "ChessBase"]
[SourceDate "2023.10.10"]
[SourceVersion "1"]
[SourceVersionDate "2023.10.10"]
[SourceQuality "1"]

1. e4 e5 2. Nf3 Nc6 3. Bc4 Bc5 4. d3 h6 5. c3 Nf6 6. 0-0 0-0 7. h3 d6 8. Bb3 Re8 9. Re1 Bb6 10. Nbd2 Be6 11. Bc2 Ne7 12. Nf1 Ng6 13. Ng3 c6 14. d4 a5 15. Be3 Bc7 16. Qd2 Kh7 17. Rad1 Qe7 18. a4 Rad8 19. Qe2 c5 20. b3 b6 21. Kh1 Qf8 22. d5 Bc8 23. Qd2 Bd7 24. c4 Ng8 25. Ng1 f6 26. N1e2 Qe7 27. f4 Kh8 28. f5 Nf8 29. Nh5 Nh7 30. Rg1 Qf7 31. g4 Ng5 32. Kg2 g6 33. Nhg3 Kg7 34. Rdf1 Rf8 35. Kh2 Nh7 36. fxg6 Qxg6 37. Nh5+ Kh8 38. Neg3 Ng5 39. Bd1 Rde8 40. h4 Nf7 41. Nf5 Rb8 42. Rg3 Bd8 43. Rfg1 Qh7 44. Kg2 Be7 45. Nxe7 Nxe7 46. Nxf6 1-0